| 000 | 00558nam a2200217Ia 4500 | ||
|---|---|---|---|
| 008 | 101110s9999 xx 000 0 und d | ||
| 041 | _aENGLISH | ||
| 082 | _bSR26099 | ||
| 100 | _aShroff Adarsh | ||
| 245 | _aThermal and statistical physics (TYBSc) | ||
| 260 |
_c2004 _bSheth Prakashan, Mumbai |
||
| 300 | _a184 | ||
| 365 | _b70 | ||
| 520 | _aPhysics | ||
| 546 | _aENGLISH | ||
| 630 | _aThermal and statistical physics (TYBSc) | ||
| 650 | _aPhysics | ||
| 655 | _aPhysics | ||
| 730 | _aThermal and statistical physics (TYBSc) | ||
| 942 | _cBOOK | ||
| 999 |
_c818704 _d818701 |
||